<?xml version="1.0" encoding="UTF-8"?>
<collection xmlns="http://www.loc.gov/MARC21/slim">
 <record>
  <leader>02324cam a2200541   4500</leader>
  <controlfield tag="001">1077372841</controlfield>
  <controlfield tag="003">DE-627</controlfield>
  <controlfield tag="005">20240830163833.0</controlfield>
  <controlfield tag="007">tu</controlfield>
  <controlfield tag="008">850101s1960    gw |||||      00| ||ger c</controlfield>
  <datafield tag="035" ind1=" " ind2=" ">
   <subfield code="a">(DE-627)1077372841</subfield>
  </datafield>
  <datafield tag="035" ind1=" " ind2=" ">
   <subfield code="a">(DE-576)007372841</subfield>
  </datafield>
  <datafield tag="035" ind1=" " ind2=" ">
   <subfield code="a">(DE-599)BSZ007372841</subfield>
  </datafield>
  <datafield tag="035" ind1=" " ind2=" ">
   <subfield code="a">(OCoLC)1234575</subfield>
  </datafield>
  <datafield tag="035" ind1=" " ind2=" ">
   <subfield code="a">(OCoLC)01234575</subfield>
  </datafield>
  <datafield tag="035" ind1=" " ind2=" ">
   <subfield code="a">(OCoLC)251516938</subfield>
  </datafield>
  <datafield tag="035" ind1=" " ind2=" ">
   <subfield code="a">(DE-604)8022950249</subfield>
  </datafield>
  <datafield tag="040" ind1=" " ind2=" ">
   <subfield code="a">DE-627</subfield>
   <subfield code="b">ger</subfield>
   <subfield code="c">DE-627</subfield>
   <subfield code="e">rakwb</subfield>
  </datafield>
  <datafield tag="041" ind1=" " ind2=" ">
   <subfield code="a">ger</subfield>
  </datafield>
  <datafield tag="044" ind1=" " ind2=" ">
   <subfield code="c">XA-DE</subfield>
  </datafield>
  <datafield tag="050" ind1=" " ind2="0">
   <subfield code="a">ND553.P8</subfield>
  </datafield>
  <datafield tag="084" ind1=" " ind2=" ">
   <subfield code="a">9,10</subfield>
   <subfield code="2">ssgn</subfield>
  </datafield>
  <datafield tag="084" ind1=" " ind2=" ">
   <subfield code="a">LI 69060</subfield>
   <subfield code="2">rvk</subfield>
   <subfield code="0">(DE-625)rvk/96865:</subfield>
  </datafield>
  <datafield tag="100" ind1="1" ind2=" ">
   <subfield code="a">Kauffmann, Georg</subfield>
   <subfield code="d">1925-2010</subfield>
   <subfield code="0">(DE-588)119368242</subfield>
   <subfield code="0">(DE-627)080179118</subfield>
   <subfield code="0">(DE-576)212284630</subfield>
   <subfield code="4">aut</subfield>
  </datafield>
  <datafield tag="245" ind1="1" ind2="0">
   <subfield code="a">Poussin-Studien</subfield>
   <subfield code="c">Georg Kauffmann</subfield>
  </datafield>
  <datafield tag="264" ind1=" " ind2="1">
   <subfield code="a">Berlin</subfield>
   <subfield code="b">De Gruyter</subfield>
   <subfield code="c">1960</subfield>
  </datafield>
  <datafield tag="300" ind1=" " ind2=" ">
   <subfield code="a">108 S., 46 Bl.</subfield>
   <subfield code="b">zahlr. Ill.</subfield>
  </datafield>
  <datafield tag="336" ind1=" " ind2=" ">
   <subfield code="a">Text</subfield>
   <subfield code="b">txt</subfield>
   <subfield code="2">rdacontent</subfield>
  </datafield>
  <datafield tag="337" ind1=" " ind2=" ">
   <subfield code="a">ohne Hilfsmittel zu benutzen</subfield>
   <subfield code="b">n</subfield>
   <subfield code="2">rdamedia</subfield>
  </datafield>
  <datafield tag="338" ind1=" " ind2=" ">
   <subfield code="a">Band</subfield>
   <subfield code="b">nc</subfield>
   <subfield code="2">rdacarrier</subfield>
  </datafield>
  <datafield tag="583" ind1="1" ind2=" ">
   <subfield code="a">Massenentsäuert</subfield>
   <subfield code="c">2015</subfield>
   <subfield code="k">DE-18</subfield>
   <subfield code="2">pdager</subfield>
   <subfield code="5">DE-18-308</subfield>
  </datafield>
  <datafield tag="583" ind1="1" ind2=" ">
   <subfield code="a">Archivierung/Langzeitarchivierung gewährleistet</subfield>
   <subfield code="f">SSG</subfield>
   <subfield code="x">XA-DE-BW</subfield>
   <subfield code="2">pdager</subfield>
   <subfield code="5">DE-16</subfield>
  </datafield>
  <datafield tag="600" ind1="1" ind2="0">
   <subfield code="a">Poussin, Nicolas</subfield>
  </datafield>
  <datafield tag="655" ind1=" " ind2="7">
   <subfield code="a">Aufsatzsammlung</subfield>
   <subfield code="0">(DE-588)4143413-4</subfield>
   <subfield code="0">(DE-627)105605727</subfield>
   <subfield code="0">(DE-576)209726091</subfield>
   <subfield code="2">gnd-content</subfield>
  </datafield>
  <datafield tag="689" ind1="0" ind2="0">
   <subfield code="d">p</subfield>
   <subfield code="0">(DE-588)118596047</subfield>
   <subfield code="0">(DE-627)079388558</subfield>
   <subfield code="0">(DE-576)162603371</subfield>
   <subfield code="a">Poussin, Nicolas</subfield>
   <subfield code="d">1594-1665</subfield>
   <subfield code="2">gnd</subfield>
  </datafield>
  <datafield tag="689" ind1="0" ind2=" ">
   <subfield code="5">(DE-627)</subfield>
  </datafield>
  <datafield tag="689" ind1="1" ind2="0">
   <subfield code="d">p</subfield>
   <subfield code="0">(DE-588)118596047</subfield>
   <subfield code="0">(DE-627)079388558</subfield>
   <subfield code="0">(DE-576)162603371</subfield>
   <subfield code="a">Poussin, Nicolas</subfield>
   <subfield code="d">1594-1665</subfield>
   <subfield code="2">gnd</subfield>
  </datafield>
  <datafield tag="689" ind1="1" ind2=" ">
   <subfield code="5">(DE-627)</subfield>
  </datafield>
  <datafield tag="787" ind1="0" ind2="8">
   <subfield code="i">Rezensiert in</subfield>
   <subfield code="a">Ettlinger, Leopold D., 1913 - 1989</subfield>
   <subfield code="t">[Rezension von: Georg Kauffmann, Poussin-Studien. - Erwin Panofsky, A mythological painting by Poussin in the Nationalmuseum Stockholm]</subfield>
   <subfield code="d">Nürnberg : Carl, 1961</subfield>
   <subfield code="w">(DE-627)1680819976</subfield>
  </datafield>
  <datafield tag="856" ind1="4" ind2="2">
   <subfield code="u">https://www.gbv.de/dms/art-berlin/021217645.pdf</subfield>
   <subfield code="m">V:DE-601</subfield>
   <subfield code="m">B:DE-B11</subfield>
   <subfield code="q">pdf/application</subfield>
   <subfield code="3">Inhaltsverzeichnis</subfield>
  </datafield>
  <datafield tag="889" ind1=" " ind2=" ">
   <subfield code="w">(DE-627)021217645</subfield>
  </datafield>
  <datafield tag="935" ind1=" " ind2=" ">
   <subfield code="i">mdedup</subfield>
  </datafield>
  <datafield tag="936" ind1="r" ind2="v">
   <subfield code="a">LI 69060</subfield>
   <subfield code="b">Poussin, Nicolas</subfield>
   <subfield code="k">Kunstgeschichte</subfield>
   <subfield code="k">Künstler-Monografien</subfield>
   <subfield code="k">Alphabetische Künstlerliste</subfield>
   <subfield code="k">Künstler P</subfield>
   <subfield code="k">Poussin, Nicolas</subfield>
   <subfield code="0">(DE-627)1271138670</subfield>
   <subfield code="0">(DE-625)rvk/96865:</subfield>
   <subfield code="0">(DE-576)201138670</subfield>
  </datafield>
  <datafield tag="951" ind1=" " ind2=" ">
   <subfield code="a">BO</subfield>
  </datafield>
  <datafield tag="990" ind1=" " ind2=" ">
   <subfield code="a">Poussin, Nicolas</subfield>
  </datafield>
  <datafield tag="990" ind1=" " ind2=" ">
   <subfield code="a">Poussin, Nicolas</subfield>
  </datafield>
  <datafield tag="991" ind1=" " ind2=" ">
   <subfield code="a">Rezensiertes Werk</subfield>
  </datafield>
  <datafield tag="999" ind1=" " ind2=" ">
   <subfield code="a">KXP-PPN1077372841</subfield>
   <subfield code="e">4061028642</subfield>
  </datafield>
 </record>
</collection>
